000
00376nam a2200133Ia 4500
008
100328s9999 xx 000 0 und d
082
_b
60221
100
_a
बोडके नरेंद्र.
245
_a
शोावर्तन.
260
_b
गं्रथाली.
630
_a
शोावर्तन.
730
_a
शोावर्तन.
942
_c
BOOK
999
_c
546383
_d
546380